00709nam a2200181 a 4500008004100000020001800041050001500059100002000074245006400094260004900158300002000207350000900227650002200236650001200258995010900270999001700379952013100396101021s2008 ||||||||||||||||| || u a9780521701471 aQC 670 Fle aFleisch, Daniel10aA Student's guide to Maxwell's equationscby Daniel Fleisch aCambridge:bCambridge University Pressc2008 aix, 134p.: ill. a0.00 aMAXWELL EQUATIONS 0aPHYSICS D0.00FCBU-MAIN LIBRARY (Kitwe)H1I0.00M1UAVAILABLEWNov 25, 2010ZMain Library Open Access Collection c58765d58765 00102lcc4070a001b001cMain Library Open Access Collectiond2022-11-30l0oQC 670 Flep741986r2022-11-30w2022-11-30y002